000 nam a22 7a 4500
999 _c126273
_d126273
008 170310b xxu||||| |||| 00| 0 eng d
050 _aE169.12.H29 1996
100 _aBellah, Robert N. et al...
_929305
245 _aHabits of the heart
_bIndividualism and commitment in American life
_cRobert N. Bellah et al...
250 _aRevised ed.
260 _aBerkeley
_bUniversity of California
_c1996
300 _axlvii, 355p. ;
_c22cm.
650 _aNational characteristics, American
_920386
650 _aUnited States
_xCivilisation
_y1945-
_929306
650 _aIndividualism
_929307
650 _aCivics
_925767
700 _aMadsen, Richard
_929308
700 _aSullivan, William M.
_929309
700 _aSwidler, Ann
_929310
700 _aTipton, Steven M.
_929311
942 _2lcc
_cMONOGRAPH